000 00975nam a2200277 i 4500
001 000033456
003 DO-SdBNP
005 20251125091802.0
007 ta
008 110830s1993 dr 000 0 spa d
040 _aDO-SdBNP
_bspa
_cBNPHU
_erda
041 _aspa
082 4 _a320.97293
_bB174a
_222
100 1 _aBalcácer, Juan Daniel,
_d1949-
_eautor
_4aut.
_96566
245 1 0 _aAlgunas reflexiones en torno a la democracia dominicana /
_cJuan Daniel Balcácer.
264 1 _aSanto Domingo, República Dominicana :
_bEditora Corripio,
_c1993.
300 _a69 páginas :
_bilustraciones, retratos ;
_c23 cm.
336 _atexto
_btxt
_2rdacontent
337 _asin mediación
_bn
_2rdamedia
338 _avolumen
_bnc
_2rdacarrier
590 _aInventariado, 2023/BT
650 4 _aParticipación política
_zRepública Dominicana
_914012
651 4 _aRepública Dominicana
_xPolítica y gobierno
_945
910 _aValidado. Control de calidad MFF
942 _2ddc
_cLBS1
999 _c32947
_d32947